00837nam a22002177a 4500999001700000003000900017008004100026040007100067082002000138100002900158245001700187260001200204300002800216505016500244650002000409650001800429650003500447942001600482945002100498952010000519  c12148d12148AR-CdUCM190408b           ||||| |||| 00| 0 spa d  aMUNICIPALIDAD PROVINCIAL DEL CUSCOcBIBLIOTECA MUNICIPAL DEL CUSCO  aC / 460 /bSE42  aSerrano Soria, Américo  aCastellano /  aCusco :  a146 páginas ;c20 cm.  aContenido: Interpretación de mensajes orales -- Lectura sugerida -- comprensión de la lectura -- Expresión oral -- Expresión escrita -- Ortografía ...  aBiografía922  aLectura92069  aComprensión de lectura93320  2ddccLIBROS  aachld2019-04-08  002ddc4070aSCAbSCAcCARTd2019-04-08g40.00oC / 460 / SE42pSCA0001982r2019-04-08yLIBROS